Southville International School and Colleges
Your cart is empty.
  • Cart
  • Lists
    Public lists Eva Luna New books Lux_list list_1
    Your lists Log in to create your own lists
  • Log in to your account
  • Your cookies
  • Search history
Southville International School and Colleges
  • Advanced search
  • Recent comments
  • Most popular
  • Libraries

Log in to your account

Log in with GOOGLE


If you do not have an external account, but do have a local account, you can still log in:

  1. Home
  2. MARC view: Camels have humps and other questions about animals /
Normal view MARC view ISBD view

Camels have humps and other questions about animals / (Record no. 305730)

[ view plain ]
MARC details
000 -LEADER
fixed length control field 00822nam a2200289Ia 4500
008 - FIXED-LENGTH DATA ELEMENTS--GENERAL INFORMATION
fixed length control field 170203s9999 xx 000 0 und d
020 ## - INTERNATIONAL STANDARD BOOK NUMBER
International Standard Book Number 9780753405024
050 ## - LIBRARY OF CONGRESS CALL NUMBER
Classification number 0 30
050 ## - LIBRARY OF CONGRESS CALL NUMBER
Item number G196i 1993
100 ## - MAIN ENTRY--PERSONAL NAME
Personal name Ganeri, Anita, 1961-
245 ## - TITLE STATEMENT
Title Camels have humps and other questions about animals /
245 ## - TITLE STATEMENT
Statement of responsibility, etc Anita Ganeri.
260 ## - PUBLICATION, DISTRIBUTION, ETC. (IMPRINT)
Place of publication, distribution, etc Danbury, Connecticut :
260 ## - PUBLICATION, DISTRIBUTION, ETC. (IMPRINT)
Name of publisher, distributor, etc Grolier,
260 ## - PUBLICATION, DISTRIBUTION, ETC. (IMPRINT)
Date of publication, distribution, etc 2008
300 ## - PHYSICAL DESCRIPTION
Extent 32 pages :
300 ## - PHYSICAL DESCRIPTION
Other physical details color illustrations ;
300 ## - PHYSICAL DESCRIPTION
Dimensions 29 cm.
440 ## - SERIES STATEMENT/ADDED ENTRY--TITLE
Title I wonder why series.
500 ## - GENERAL NOTE
General note Includes index.
650 ## - SUBJECT ADDED ENTRY--TOPICAL TERM
Topical term or geographic name as entry element Animals --
650 ## - SUBJECT ADDED ENTRY--TOPICAL TERM
Topical term or geographic name as entry element Animals -- Miscellanea --
650 ## - SUBJECT ADDED ENTRY--TOPICAL TERM
Topical term or geographic name as entry element Children's questions and answers.
650 ## - SUBJECT ADDED ENTRY--TOPICAL TERM
General subdivision Habits and behavior.
650 ## - SUBJECT ADDED ENTRY--TOPICAL TERM
General subdivision Juvenile literature.
700 ## - ADDED ENTRY--PERSONAL NAME
Personal name I wonder why camels have humps., Title.
Holdings
Withdrawn status Lost status Damaged status Home library Current library Shelving location Date acquired Total Checkouts Full call number Barcode Date last seen Price effective from Koha item type
      Stonyhurst Southville International School (Batangas) Stonyhurst Southville International School (Batangas)   02/03/2017   Ref. 030 .G196i 1993 LS- 4033 02/03/2017 02/03/2017 Books

Camels have humps and other questions about animals /

APA

Ganeri A. 1., I wonder why camels have humps, .Camels have humps and other questions about animals. Danbury, Connecticut: .

Chicago

Ganeri Anita 1961, I wonder why camels have humps, .Camels have humps and other questions about animals. Danbury, Connecticut: .

Harvard

Ganeri A. 1., I wonder why camels have humps, .Camels have humps and other questions about animals. Danbury, Connecticut: .

MLA

Ganeri Anita 1961, I wonder why camels have humps, .Danbury, Connecticut: . .

  • Place hold
  • Print
  • Cite
  • Add to your cart (remove)
  • Save record
    BIBTEX Dublin Core MARCXML MARC (non-Unicode/MARC-8) MARC (Unicode/UTF-8) MARC (Unicode/UTF-8, Standard) MODS (XML) RIS
  • More searches
    Search for this title in:
    Other Libraries (WorldCat) Other Databases (Google Scholar) Online Stores (Bookfinder.com) Open Library (openlibrary.org)

Exporting to Dublin Core...

SOUTHVILLE LIBRARY

Southville International School and Colleges Library

1281 Tropical Ave. Cor. Luxembourg St., BF Homes International, Las Pinas City

Tel. No. 8256374 / 252358 Loc. 117/146

Powered by Koha